000 00746nam a2200205 i 4500
001 15503
003 ES-MaACL
005 20230906151107.0
007 t|
008 000327s1932 sp |||| | cat d
080 _a738/739:069(460.235 B)(036)
080 _a069(460.235 B)(036):738/739
110 2 _aMuseu de les Arts Decoratives del Palau de Pedralbes (Barcelona)
_95941
245 1 0 _aMuseu de les Arts Decoratives
_b: Palau de Pedralbes : guia sumària.
260 _aBarcelona :
_bJunta de Museus,
_c1932.
300 _a75 p., [2] h. de planos :
_bil. ;
_c21 cm.
610 2 7 _aMuseu de les Arts Decoratives del Palau de Pedralbes (Barcelona)-
_vGuías.
_95942
710 2 _aJunta de Museus (Barcelona)
_95396
852 _aES-MaACL
_jG-2117
999 _c15503
_d15503